| 000 | 00459nam a22001697a 4500 | ||
|---|---|---|---|
| 005 | 20251108164657.0 | ||
| 008 | 250721s1980 xx 000 0 ara d | ||
| 082 | 1 | 4 | _a811.964/عبد |
| 100 | 1 | _aالجواهري، عبد الرفيع | |
| 245 | 1 | 0 | _aوشم في الكف / |
| 264 | 1 |
_aبيروت : _bدار ابن رشد، _c1980. |
|
| 300 | _a79ص | ||
| 650 | 1 | 7 | _aالشعر العربي |
| 650 | 1 | 7 | _aالمغرب |
| 942 |
_2ddc _cBK |
||
| 999 |
_c11580 _d11580 |
||